ბათუმის შოთა რუსთაველის სახელმწიფო უნივერსიტეტის ბიბლიოთეკა

Pragmatics. (ბიბ.ჩანაწერი № 45316)

000 -LEADER
fixed length control field 00464nam a2200217Ia 4500
001 - CONTROL NUMBER
control field 12140
003 - CONTROL NUMBER IDENTIFIER
control field GE_BSU
008 - FIXED-LENGTH DATA ELEMENTS--GENERAL INFORMATION
fixed length control field 181216s||||||||xx |||||||||||||| ||und||
020 ## - INTERNATIONAL STANDARD BOOK NUMBER
International Standard Book Number 978052129410
040 ## - CATALOGING SOURCE
Transcribing agency GE_BSU
080 ## - UNIVERSAL DECIMAL CLASSIFICATION NUMBER
Universal Decimal Classification number 165.741
100 ## - MAIN ENTRY--PERSONAL NAME
Personal name Levinson,Stephen C.
245 ## - TITLE STATEMENT
Title Pragmatics.
260 ## - PUBLICATION, DISTRIBUTION, ETC.
Place of publication, distribution, etc. Cambridge.
260 ## - PUBLICATION, DISTRIBUTION, ETC.
Name of publisher, distributor, etc. University Press.
260 ## - PUBLICATION, DISTRIBUTION, ETC.
Date of publication, distribution, etc. 2012
300 ## - PHYSICAL DESCRIPTION
Extent 420p.23cm.
653 ## - INDEX TERM--UNCONTROLLED
Uncontrolled term Pragmatics.
942 ## - ADDED ENTRY ELEMENTS (KOHA)
Koha item type წიგნი
ეგზემპლარები
Withdrawn status Lost status Damaged status Not for loan Date acquired Barcode Date last seen Price effective from Koha item type
        2018-12-17 36042 2018-12-17 2018-12-17 წიგნი
        2018-12-17 36043 2018-12-17 2018-12-17 წიგნი
        2018-12-17 36044 2018-12-17 2018-12-17 წიგნი